[Event "Oviedo op 8th"]
[Site "Oviedo"]
[Date "2022.07.23"]
[Round "9"]
[White "Pedreira Garcia, Nicolas"]
[Black "Martinez Otero, Carlos"]
[Result "0-1"]
[WhiteElo "1679"]
[BlackElo "1926"]
[PlyCount "160"]
[EventDate "2022.07.17"]
[EventType "swiss"]
[EventRounds "9"]
[EventCountry "ESP"]
[SourceTitle "CBM 209 Extra"]
[Source "ChessBase"]
[SourceDate "2022.09.30"]
[SourceVersion "1"]
[SourceVersionDate "2022.09.30"]
[SourceQuality "1"]

1. Nf3 Nf6 2. b3 d5 3. Bb2 c5 4. e3 Nc6 5. Bb5 e6 6. 0-0 Bd7 7. d4 a6 8. Bxc6 Bxc6 9. Ne5 Qc7 10. Nd2 Bd6 11. Ndf3 cxd4 12. Nxc6 bxc6 13. exd4 0-0 14. Qd3 Ne4 15. c4 a5 16. c5 Bf4 17. g3 Bh6 18. Bc1 Bxc1 19. Raxc1 f6 20. h4 e5 21. Nd2 Nxd2 22. Qxd2 e4 23. Qf4 Qxf4 24. gxf4 Rfb8 25. Rfd1 Rb4 26. Rd2 a4 27. bxa4 Raxa4 28. Rcd1 Ra3 29. Re1 Rd3 30. Rxd3 exd3 31. Rd1 Rxd4 32. Kg2 Rxf4 33. Kg3 Rc4 34. Rxd3 Rxc5 35. Ra3 Kf7 36. Ra7+ Kg6 37. a4 Rc4 38. a5 Ra4 39. Rc7 Rxa5 40. Rxc6 h5 41. Rc7 d4 42. Rd7 Ra3+ 43. f3 d3 44. Kf4 Rb3 45. Rd5 Ra3 46. Rd7 Kh7 47. Rd5 g6 48. Rd7+ Kg8 49. Kg3 Kf8 50. Kf2 Ra2+ 51. Ke3 Rh2 52. Rd4 d2 53. Rxd2 Rxh4 54. Rd7 g5 55. Kf2 Rf4 56. Kg3 h4+ 57. Kg2 Rf5 58. Ra7 Re5 59. Kh3 Re7 60. Ra5 Kg7 61. Kg4 Kg6 62. Ra6 Rd7 63. Ra5 Rd4+ 64. Kh3 Rf4 65. Kg2 Rb4 66. Kh3 Rb2 67. Ra4 Rf2 68. Ra3 f5 69. Ra6+ Kh5 70. Ra8 Rxf3+ 71. Kh2 Kg4 72. Ra4+ f4 73. Ra5 Rb3 74. Ra2 Kf3 75. Ra1 Rb2+ 76. Kh1 Kg3 77. Rg1+ Kh3 78. Ra1 f3 79. Kg1 Rg2+ 80. Kh1 Rh2+ 0-1

[Event "Oviedo op 8th"]
[Site "Oviedo"]
[Date "2022.07.18"]
[Round "2"]
[White "Martinez Otero, Carlos"]
[Black "Montoto Arce, Oscar"]
[Result "1-0"]
[WhiteElo "1926"]
[BlackElo "1492"]
[PlyCount "73"]
[EventDate "2022.07.17"]
[EventType "swiss"]
[EventRounds "9"]
[EventCountry "ESP"]
[SourceTitle "CBM 209 Extra"]
[Source "ChessBase"]
[SourceDate "2022.09.30"]
[SourceVersion "1"]
[SourceVersionDate "2022.09.30"]
[SourceQuality "1"]

1. Nf3 e6 2. d4 f5 3. g3 b6 4. Bg2 Bb7 5. 0-0 Nf6 6. c4 Nc6 7. Nc3 Bb4 8. Bf4 Bxc3 9. bxc3 0-0 10. Ne5 Na5 11. Bxb7 Nxb7 12. Rb1 d6 13. Nd3 Rb8 14. Qa4 Ra8 15. Rfd1 Ne4 16. Qc2 Qe8 17. f3 Nf6 18. c5 Qe7 19. cxd6 cxd6 20. Qb3 Rac8 21. Qa3 Nd5 22. Rbc1 Nxf4 23. Nxf4 Na5 24. Ng2 Nc4 25. Qb3 Kh8 26. Qc2 Qg5 27. f4 Qg4 28. e4 g5 29. Rf1 fxe4 30. fxg5 Rxf1+ 31. Rxf1 e3 32. Re1 Qxg5 33. Qe4 Re8 34. Qc6 Rf8 35. Qxc4 Qf5 36. Rf1 e2 37. Rxf5 1-0